Separát štatistickej ročenky školstva SR 1997 stredné odborné školy, konzervatóriá, gymnáziá

Saved in:
Bibliographic Details
Format: Book
Language:Slovak
Published: Bratislava Ústav informácií a prognóz školstva, mládeže a telovýchovy 1997
Subjects:
Tags: Add Tag
No Tags, Be the first to tag this record!

MARC

LEADER 00000nam a2200000 4500
001 c100810
005 20251218075456.1
041 0 |a slo 
044 |a SK 
245 1 0 |a Separát štatistickej ročenky školstva SR 1997  |b stredné odborné školy, konzervatóriá, gymnáziá 
264 1 |a Bratislava  |b Ústav informácií a prognóz školstva, mládeže a telovýchovy  |c 1997 
300 |a 147 s. 
610 2 0 |a Slovensko 
610 2 0 |a školstvo 
610 2 0 |a školy stredné odborné 
610 2 0 |a školy stredné 
610 2 0 |a gymnáziá